LEADER 01114nas a2200265 i 4500 001 000000226527 003 CaOOAMICUS 005 20141124000000.0 008 140123b2014 gw uu u0 0ger r 013 $a205429 040 $aSeMil$bita 245 10$a2014 /$cRedaktion Ansgar Kreutzer ... [et al.]. 260 $aRegensburg :$bFriedrich Pustet,$c2014. 300 $a448 p. :$bill., tabelle ;$c24 cm. 500 $aArticoli con sintesi in tedesco in testa. 700 1 $aKreutzer, Ansgar,$d<1973- >.$0(OLS)http://semarc/name/76879 774 0 $tWenn der Glaube Worte findet. - Titolo dalla copertina.$w()280474 774 0 $tWir bitten zu Tisch. - Titolo dalla copertina.$w()281048 774 0 $tReligion in Osteuropa. - Titolo dalla copertina.$w()281396 774 0 $tKinder, Kinder. - Titolo dalla copertina.$w()282488 850 $aSeMil 852 $aSeMil$W1$xVenegono$y1$m234 6 22$j176873$B176873$CSeMilBibl$Z2$F197271 $85 961 $aCambio: Scuola Cattolica 996 $6245$a2014$9(OLS)http://semarc/title/324325 996 $6260$aRegensburg :$bFriedrich Pustet$9(OLS)http://semarc/publisher/29640 LEADER 01410nam a2200313 i 4500 001 000000066915 003 CaOOAMICUS 005 20000407000000.0 008 000407s1983 xx u000 u fre u 013 $a38087 020 $a2-13-038086-7 040 $aSeMil$bita 100 1 $aStoetzel, Jean.$0(OLS)http://semarc/name/33536 245 14$aLes valeurs du temps présent :$bune enquête européenne /$cJean Stoetzel ; Préface par les Professor R. A. Moor et J. Kerkhofs. 260 $aParis :$bPresses Universitaires de France,$ccopyr. 1983. 300 $a309 p. :$btabelle ;$c22 cm. 490 0 $aSociologies 500 $aContiene : Annexe. 650 4$aEuropa - Sociologia.$0(OLS)http://semarc/subject/13017 650 4$aValori sociali - Europa - Inchieste.$0(OLS)http://semarc/subject/13018 700 1 $aKerkhofs, Jan <1924- >.$0(OLS)http://semarc/name/44536 700 1 $aMoor, R. A.$0(OLS)http://semarc/name/33537 830 0$aSociologies.$0(OLS)http://semarc/title/43353 850 $aSeMil 852 $aSeMil$W1$xVenegono$y1$m3N III 439$j33068$B33068$CSeMilBibl$Z2$F33071 $81 961 $aOmaggio: Donazione 996 $6020$a2-13-038086-7$9(OLS)http://semarc/number/44685 996 $6245$aLes valeurs du temps présent :$bune enquête européenne$9(OLS)http://semarc/title/106530 996 $6260$aParis :$bPresses Universitaires de France$9(OLS)http://semarc/publisher/30047